Normal view
MARC view
- Grashoff,Udo
Entry Personal Name
001 - CONTROL NUMBER
- control field: 121696
003 - CONTROL NUMBER IDENTIFIER
- control field: NUST
005 - DATE AND TIME OF LATEST TRANSACTION
- control field: 20240229132509.0
008 - FIXED-LENGTH DATA ELEMENTS
- fixed length control field: 240229|| aca||aabn | a|a d
040 ## - CATALOGING SOURCE
- Original cataloging agency: NUST
- Transcribing agency: NUST
100 ## - HEADING--PERSONAL NAME
- Personal name: Grashoff,Udo
670 ## - SOURCE DATA FOUND
- Source citation: Work cat.: (NUST): Comparative Approaches to Informal Housing Around the Globe/, 2020.
